[Event "WYCC U18 Open 2019"]
[Site "Mumbai"]
[Date "2019.10.07"]
[Round "7.9"]
[White "Sibi Visal R"]
[Black "Blohberger, Felix"]
[Result "0-1"]
[WhiteElo "2064"]
[BlackElo "2448"]
[Annotator "TA"]
[PlyCount "58"]
[EventDate "2019.10.02"]
[EventType "swiss"]
[EventCountry "IND"]
[SourceTitle "playchess.com"]
[Source "ChessBase"]
[SourceQuality "1"]

{[%evp 9,58,-6,0,-45,-42,-37,-42,-45,-37,-50,-50,-54,-26,-26,-25,-26,-26,-42,-41,-44,-54,-58,-52,-93,-102,-115,-120,-127,-110,-138,-97,-220,-208,-204,-185,-463,-518,-583,-565,-1017,-1004,-1249,-915,-1277,-1262,-29984,-1010,-1487,-585,-529,3292]} 1. c4 e5 2. Nc3 Bb4 3. Nf3 Bxc3 4. dxc3 d6 (4... Qe7 5. g3 b6 6. Bg2 Bb7 7. O-O d6 8. a4 a5 9. b3 Nd7 10. Re1 f5 11. Nh4 Bxg2 12. Kxg2 {½-½ (70) Vakhidov,J (2578)-Kovalenko,I (2668) Almaty 2016}) 5. e4 Nf6 6. Bg5 {A21: English Opening: 1...e5 2 Nc3} h6 $146 ({Predecessor:} 6... Nbd7 7. Be2 h6 8. Bxf6 Nxf6 9. O-O c5 10. h3 O-O 11. b4 b6 12. bxc5 bxc5 {1-0 (26) Ballueder,V (950)-Robertson,J (1028) IECC email 2008}) 7. Bxf6 Qxf6 8. g3 {Black is slightly better.} Bg4 9. Bg2 Nd7 10. h3 Bxf3 11. Bxf3 Nc5 12. O-O g6 13. Bg2 h5 14. f4 h4 15. b4 Nd7 16. Qd5 c6 17. Qd3 hxg3 18. f5 O-O-O $36 {[%mdl 2048] Black has strong initiative.} 19. a4 g5 20. Qxg3 {[#]} (20. Rf3 $17 {was worth a try.}) 20... g4 $1 $19 {[%mdl 512]} 21. hxg4 (21. Qxg4 Rdg8) 21... Qg5 22. Ra2 $2 (22. f6 {was necessary.}) 22... Rh4 23. Bf3 Rdh8 24. Re1 Rh3 25. Qf2 Qf4 26. Bg2 Qxg4 {[%csl Gh8][%cal Rh3h1]} 27. Qd2 Rh1+ (27... Nf6 $142 28. Kf2 Rh2 $1 {[%mdl 512]} 29. Rg1 Nxe4+ {[%mdl 64] Double Attack} 30. Ke1 Nxd2 31. Rxd2 R8h3 $1 {[%mdl 512]} 32. Rc2 Rd3 33. Re2 Qg3+ 34. Rf2 Qe3+ 35. Re2 Qxg1+ {[%mdl 64] Double Attack} 36. Bf1 Rxe2+ 37. Kxe2 Qe3#) 28. Kf2 {[#]} Qxg2+ (28... R8h2 $142 $1 {[%mdl 512]} 29. Rg1 {[#]} Nf6 $1 {[%mdl 512]}) 29. Kxg2 R8h3 $4 {[%mdl 40960] Accuracy: White = 24%, Black = 73%. . Loss on time!?} (29... R8h2+ $19 30. Kf3 Rxd2 31. Rxd2 Rxe1 32. Rxd6 Rc1) 0-1

[Event "WYCC U18 Open 2019"]
[Site "Mumbai"]
[Date "2019.10.07"]
[Round "7.10"]
[White "Gumularz, Szymon"]
[Black "Aliyev, Ravan"]
[Result "1/2-1/2"]
[WhiteElo "2505"]
[BlackElo "2341"]
[Annotator "TA"]
[PlyCount "69"]
[EventDate "2019.10.02"]
[EventType "swiss"]
[EventCountry "IND"]
[SourceTitle "playchess.com"]
[Source "ChessBase"]
[SourceQuality "1"]

{[%evp 17,69,45,61,45,39,36,41,46,94,94,89,83,94,44,47,33,154,89,159,158,164,96,139,79,75,80,79,72,73,58,89,93,175,167,185,173,193,174,179,190,270,268,273,262,290,171,171,71,54,10,12,0,0,0]} 1. d4 Nf6 2. c4 g6 3. Nc3 Bg7 4. e4 d6 5. f3 O-O 6. Be3 e5 7. Nge2 c6 8. d5 cxd5 9. cxd5 Nbd7 10. g4 {E89: King's Indian: Sämisch: 6...e5 7 d5 c6 8 Nge2 cxd5} (10. Qd2 a6 11. g4 h5 12. Bg5 Qe8 13. h3 Nh7 14. Bh4 Bf6 15. Bxf6 Ndxf6 16. Rg1 Kh8 17. O-O-O Qe7 18. Kb1 Bd7 19. Nc1 h4 {1-0 (44) Gunina,V (2502)-Milov,V (2615) Minsk 2015}) 10... h5 11. g5 Nh7 12. Qd2 {White is slightly better.} a6 {[#]} 13. Nc1 $1 f6 $146 ({Predecessor:} 13... f5 14. h4 Nb6 15. Qf2 {½-½ (15) Barnett,F (1993)-Boumbar,M (2266) ICCF email 2009}) 14. gxf6 Bxf6 15. Rg1 Bh4+ {[%mdl 64] Discovered Attack} 16. Kd1 Qf6 (16... Rxf3 $14 17. Be2 (17. Rxg6+ Kf7 $11) 17... Rxe3 18. Rxg6+ (18. Qxe3 Ng5 $14) 18... Kh8 19. Qxe3 Bg5) 17. Nd3 (17. Be2 $142) 17... Kh8 (17... Qxf3+ $142 18. Be2 Qf6) 18. Be2 $16 g5 19. a4 (19. Kc2 $18) 19... b6 20. a5 (20. Kc2 $142) 20... Nc5 21. Kc2 Nxd3 22. Qxd3 b5 23. Na2 Bd7 24. Nb4 Be8 (24... Qg7 $16 {was necessary.}) 25. Rac1 $18 Qd8 26. Bb6 $36 {[%mdl 2048] White is in control.} Qc8+ 27. Kb1 Qh3 28. Qc2 Bg6 (28... Qxh2 $142 29. Bc7 Rc8) 29. Qc6 Qxh2 30. Rc2 ({Don't go for} 30. Qxd6 $2 Rf6 $19) 30... g4 31. Bd1 (31. Qxd6 $142 Bf6 32. Nd3) 31... Qf4 {[#]} 32. Qxd6 (32. Nd3 $1 $18 {[%cal Rd3f4] and the rest is easy.} Qf6 33. Bc7 gxf3 34. Bxd6 {[%mdl 64] Double Attack}) 32... Rf6 $16 33. Qc7 {Hoping for Nd3.} gxf3 34. Nd3 Qxe4 {[%mdl 64] Double Attack} 35. Nxe5 {Accuracy: White = 57%, Black = 38%.} 1/2-1/2

[Event "WYCC U18 Open 2019"]
[Site "Mumbai"]
[Date "2019.10.07"]
[Round "7.11"]
[White "Pultinevicius, Paulius"]
[Black "Donoso Diaz, Sebastian"]
[Result "1-0"]
[WhiteElo "2503"]
[BlackElo "2203"]
[Annotator "TA"]
[PlyCount "73"]
[EventDate "2019.10.02"]
[EventType "swiss"]
[EventCountry "IND"]
[SourceTitle "playchess.com"]
[Source "ChessBase"]
[SourceQuality "1"]

{[%evp 23,73,-2,15,18,52,56,57,49,55,47,46,52,51,53,147,151,149,145,208,133,121,130,145,133,130,135,384,387,382,382,379,379,606,374,364,311,300,299,533,534,2197,2087,1478,1459,1014,367,488,480,29996,29997,29997,318]} 1. Nf3 c5 2. g3 Nc6 3. Bg2 g6 4. c3 Bg7 5. d4 cxd4 6. cxd4 d5 7. Nc3 Nf6 8. Ne5 O-O 9. O-O e6 10. Bf4 Nh5 11. Nxc6 bxc6 12. Be3 f5 13. Qd2 {D79: Fianchetto Grünfeld: Symmetrical Variation (6 0-0 c6 7 cxd5 cxd5)} f4 14. Bxf4 $1 Nxf4 15. gxf4 {White is slightly better.} Qh4 16. e3 Rf5 17. Ne2 Rh5 {[%csl Gh5][%cal Rh4h2]} (17... Ba6 18. Rfc1 Bxe2 19. Qxe2 Raf8 20. Qf3 e5 21. dxe5 Bxe5 22. Rxc6 Bxb2 {½-½ (34) Haria,R (2450)-Henriquez Villagra,C (2504) chess.com INT 2019}) 18. h3 e5 ({Better is} 18... Bd7 $14) 19. dxe5 $16 {Ng3 is the strong threat.} Bxh3 {[#]} 20. Ng3 $1 ({Inferior is} 20. Bxd5+ Kh8 $19) 20... Bxe5 $146 (20... Rh6 $16) ({Predecessor:} 20... Rh6) 21. Rfc1 Bxg2 22. Kxg2 Qh3+ {[#]} 23. Kf3 $1 Rh4 24. Rxc6 d4 $2 (24... Qd7 $16 25. Rc5 Rf8) 25. fxe5 $18 Qg4+ 26. Kg2 Qh3+ 27. Kg1 Qh2+ 28. Kf1 Rg4 {And now ...Rxg3 would win.} 29. Ke2 Rxg3 30. Qxd4 {Black must now prevent Qc4+.} Rg2 $2 (30... Rf8 31. Qd5+ Kg7) 31. Rf6 {Hoping for Qd5+.} Rc8 {intending ...Rxf2+.} 32. Rc1 {Intending Qd7 and mate.} Re8 33. Qd5+ Kh8 34. Qf3 $2 (34. Rc7 {Threatening mate with Qd7.} Qh5+ 35. Rf3) 34... Kg8 35. Rc7 {Strongly threatening Qd5+.} Qxe5 {[#]} (35... Qh5 $18 36. Rff7 Qxf3+ 37. Kxf3 Rh2 38. Rg7+ Kh8) 36. Rxg6+ $1 {[%mdl 576] Double Attack} Kh8 {[#]} (36... Rxg6 37. Qf7+) 37. Rxh7+ $1 {[%mdl 512] Accuracy: White = 78%, Black = 27%.} 1-0

[Event "WYCC U18 Open 2019"]
[Site "Mumbai"]
[Date "2019.10.07"]
[Round "7.12"]
[White "Rahul Srivatshav P"]
[Black "Srijit Paul"]
[Result "1-0"]
[WhiteElo "2460"]
[BlackElo "2317"]
[Annotator "TA"]
[PlyCount "61"]
[EventDate "2019.10.02"]
[EventType "swiss"]
[EventCountry "IND"]
[SourceTitle "playchess.com"]
[Source "ChessBase"]
[SourceQuality "1"]

{[%evp 10,75,51,39,34,16,19,-13,-25,-31,-27,-21,15,13,42,35,39,41,45,45,50,53,50,21,30,-63,-62,-68,-68,-60,-42,-50,0,0,0,0,0,0,24,20,30,20,70,69,58,6,27,24,125,137,491,493,545,482,495,469,1830,1743,1825,1817,1661,1597,29986,29987,29987,29988,29994,29990]} 1. d4 f5 2. Nc3 d5 3. Bg5 g6 4. e3 Bg7 5. h4 c6 6. Bd3 Qb6 {A80: Dutch Defence: Unusual White second moves} (6... Nf6 7. h5 Ne4 8. Bf4 Nd7 9. Nf3 Qa5 10. Bxe4 dxe4 11. Ng5 Nb6 12. hxg6 hxg6 13. Rxh8+ Bxh8 14. a3 {½-½ (75) Vitiugov,N (2742)-Bartel,M (2641) Dubai 2014}) 7. Rb1 Nd7 8. h5 {And now hxg6 would win.} h6 $1 {[%cal Rh6g5] The position is equal.} 9. Bf4 g5 10. Bh2 Ndf6 $146 ({Predecessor:} 10... e5 11. Bxf5 exd4 12. exd4 Ne7 13. Qe2 Qxd4 {½-½ (22) Sokolov,I (2625)-Nikolic,P (2635) Rotterdam 1998}) 11. Be5 $36 {[%mdl 2048] White fights for an advantage.} Rh7 12. f3 e6 13. g4 Ne7 14. Nge2 Nd7 15. Bd6 Bf6 16. b4 Rf7 17. gxf5 (17. O-O $11) 17... Nxf5 $15 18. Bxf5 exf5 19. e4 dxe4 20. fxe4 Be7 (20... Qd8 {is more complex.} 21. exf5 Nb6 22. Bc5 Nd5 23. Ne4 Be7) 21. Bxe7 Rxe7 22. e5 Nf8 23. b5 Qa5 (23... a6 $5 {[%cal Ra6b5]}) 24. O-O Be6 25. Qd3 {Qf3 is the strong threat.} Rd8 26. bxc6 bxc6 27. Ng3 ({White should play} 27. Rxf5 $14 Bxf5 28. Qxf5) 27... Rf7 $1 $11 28. Rf2 Nd7 (28... Bc8 $1 $11 {keeps the balance.}) 29. Nxf5 $16 {Strongly threatening Nd6+.} ({Stronger than} 29. Qf3 Qa6 $15) 29... Nxe5 $2 {[%mdl 8192]} (29... Nc5 $16 30. Qf3 Qa6 31. Ng7+ (31. dxc5 Rxf5 32. Qe4 Rxf2 $14) 31... Ke7) 30. Qe4 $18 {[%mdl 64] Pin} Kf8 {[#] ...Bxf5 would now be nice for Black.} 31. Rbf1 {Played: d4-d5} 1-0

[Event "WYCC U18 Open 2019"]
[Site "Mumbai"]
[Date "2019.10.07"]
[Round "7.13"]
[White "Gaurav Rajesh Zagade"]
[Black "Raghunandan, Kaumandur Srihari"]
[Result "1/2-1/2"]
[WhiteElo "2053"]
[BlackElo "2449"]
[Annotator "ChessBase"]
[PlyCount "158"]
[EventDate "2019.10.02"]
[EventType "swiss"]
[EventCountry "IND"]
[SourceTitle "playchess.com"]
[Source "ChessBase"]
[SourceQuality "1"]
[TimeControl "40/5400+30:1800+30"]

1. Nf3 g6 2. d4 Bg7 3. c4 d6 4. g3 c5 5. Bg2 Nc6 6. d5 Na5 7. Qc2 Nf6 8. Nc3 O-O 9. Nd2 e5 10. O-O Ne8 11. a3 b6 12. b4 Nb7 13. e4 f5 14. exf5 gxf5 15. Bb2 Bd7 16. f4 e4 17. Nd1 Nf6 18. b5 Qe8 19. Ne3 Qg6 20. Rfe1 Kf7 21. Kf2 Rg8 22. a4 a6 23. Bc3 a5 24. Rg1 Ke7 25. Qb2 Raf8 26. Bf1 Qh6 27. Rh1 Nh5 28. Ng2 e3+ 29. Nxe3 Bxc3 30. Qxc3 Nxg3 31. hxg3 Qxh1 32. Nf3 Qh6 33. Nh4 Kd8 34. Be2 Kc7 35. Rh1 Nd8 36. Bf3 Qf6 37. Qxf6 Rxf6 38. Be2 Nf7 39. Bd3 Nh6 40. Bc2 Kd8 41. Re1 Rg7 42. Kf3 Re7 43. Rh1 Ke8 44. Bb1 Kf8 45. Bc2 Kg7 46. Bb1 Re8 47. Bc2 Ref8 48. Bb1 Be8 49. Nhg2 Bg6 50. Bc2 R6f7 51. Bb1 Rf6 52. Bc2 R6f7 53. Bb1 Re8 54. Bc2 Ng4 55. Bd3 h6 56. Rh4 Nxe3 57. Nxe3 Rfe7 58. Ng2 h5 59. Rh1 Kf6 60. Kf2 Kg7 61. Rh4 Kf7 62. Rh1 Kf6 63. Rh4 Kf7 64. Rh1 Kg7 65. Rh4 Kf6 66. Rh1 Bf7 67. Rh4 Rg8 68. Rh3 Be8 69. Ne3 Bg6 70. Ng2 Ree8 71. Rh4 Rg7 72. Ne3 Rge7 73. Ng2 Rg7 74. Ne3 Rge7 75. Ng2 Rg7 76. Ne3 Rge7 77. Ng2 Rg8 78. Ne3 Rge8 79. Ng2 Rg7 1/2-1/2

[Event "WYCC U18 Open 2019"]
[Site "Mumbai"]
[Date "2019.10.07"]
[Round "7.14"]
[White "Manish Anto Cristiano F"]
[Black "Zhalmakhanov, Ramazan"]
[Result "0-1"]
[WhiteElo "2320"]
[BlackElo "2374"]
[Annotator "TA"]
[PlyCount "80"]
[EventDate "2019.10.02"]
[EventType "swiss"]
[EventCountry "IND"]
[SourceTitle "playchess.com"]
[Source "ChessBase"]
[SourceQuality "1"]

{[%evp 17,80,33,33,21,26,20,14,16,20,24,36,30,54,51,60,29,19,24,35,0,0,-14,-3,0,0,-10,-12,-26,-10,-15,-9,-19,-16,-20,-20,-20,-27,-48,-8,-9,0,-11,-8,-201,-200,-200,-194,-208,-209,-202,-200,-193,-195,-207,-200,-243,-239,-327,-291,-659,-658,-1340,-1270,-1178,-1160]} 1. e4 e5 2. Nf3 Nc6 3. Bb5 a6 4. Ba4 Nf6 5. O-O Be7 6. Re1 d6 7. Bxc6+ bxc6 8. d4 exd4 9. Nxd4 Bd7 10. c4 {C87: Closed Ruy Lopez: Steinitz-type lines after 6 Re1 d6} c5 11. Nc2 O-O 12. Nc3 {The position is equal.} Be6 13. b3 {[#]} Nd7 $146 ({Predecessor:} 13... Ng4 14. f3 Bf6 15. Bb2 Ne5 16. Ne3 Nc6 17. Qd2 Be5 {½-½ (49) Gashimov,V (2703)-Onischuk,A (2644) Dresden 2008}) 14. Nd5 Bf6 15. Nxf6+ Qxf6 16. Rb1 Qg6 17. Re3 Nf6 18. Rg3 Qxe4 19. f3 Qc6 20. Bb2 {[#] aiming for Bxf6.} Ne8 21. Qe2 g6 22. Re1 Ng7 23. Qd2 f6 24. f4 Rae8 25. Rge3 Qd7 26. R3e2 Nh5 27. h3 Ng3 28. Re3 Nf5 29. R3e2 h5 30. Ne3 $2 {[#]} (30. Qd3 $11 {and White has nothing to worry.}) 30... Ng3 $19 31. Rf2 Ne4 $1 {[%csl LRd2,LRf2]} 32. Qc2 Nxf2 33. Qxg6+ Qg7 34. Qxg7+ Kxg7 35. Kxf2 Bc8 36. Rd1 Bb7 37. g4 hxg4 38. hxg4 $2 (38. Rg1 Re4 39. Rxg4+ Kf7 40. Nf5) 38... Rh8 {Hoping for ...Rh2+.Black is clearly winning.} 39. Nf5+ Kf7 40. Kg3 Re2 {Accuracy: White = 35%, Black = 73%.} 0-1

[Event "WYCC U18 Open 2019"]
[Site "Mumbai"]
[Date "2019.10.07"]
[Round "7.15"]
[White "Bykov, Oleg"]
[Black "Theekshana, H G Denuwan"]
[Result "1-0"]
[WhiteElo "2370"]
[BlackElo "1886"]
[Annotator "ChessBase"]
[PlyCount "63"]
[EventDate "2019.10.02"]
[EventType "swiss"]
[EventCountry "IND"]
[SourceTitle "playchess.com"]
[Source "ChessBase"]
[SourceQuality "1"]
[TimeControl "40/5400+30:1800+30"]

1. d4 {[%emt 0:00:00]} d6 {[%emt 0:01:22]} 2. Nf3 {[%emt 0:00:00]} g6 {[%emt 0:00:04]} 3. c4 {[%emt 0:00:00]} Bg7 {[%emt 0:00:03]} 4. Nc3 {[%emt 0:00:00]} Nd7 {[%emt 0:00:48]} 5. e4 {[%emt 0:00:14]} c5 {[%emt 0:00:03]} 6. d5 {[%emt 0:08:53]} Ngf6 {[%emt 0:01:03]} 7. Be2 {[%emt 0:00:32]} O-O {[%emt 0:00:35]} 8. O-O {[%emt 0:00:06]} a6 {[%emt 0:00:04]} 9. Bg5 {[%emt 0:03:13]} h6 {[%emt 0:00:12]} 10. Bf4 {[%emt 0:02:49]} g5 {[%emt 0:02:31]} 11. Bc1 {[%emt 0:03:21]} Re8 {[%emt 0:13:10]} 12. Ne1 {[%emt 0:09:09]} e5 {[%emt 0:05:45]} 13. dxe6 {[%emt 0:05:53]} Rxe6 {[%emt 0:05:37]} 14. f4 {[%emt 0:07:11]} Nxe4 {[%emt 0:01:18]} 15. Nxe4 {[%emt 0:00:18]} Rxe4 {[%emt 0:00:03]} 16. Bd3 {[%emt 0:01:20]} Re6 {[%emt 0:06:09]} 17. fxg5 {[%emt 0:00:40]} hxg5 {[%emt 0:02:38]} 18. Qh5 {[%emt 0:01:54]} Nf6 {[%emt 0:02:46]} 19. Qxg5 {[%emt 0:01:04]} b5 {[%emt 0:04:47]} 20. b3 {[%emt 0:16:09]} d5 {[%emt 0:02:38]} 21. Bb2 {[%emt 0:02:08]} bxc4 {[%emt 0:02:16]} 22. bxc4 {[%emt 0:00:34]} Bb7 {[%emt 0:01:05]} 23. Rb1 {[%emt 0:04:51]} d4 {[%emt 0:02:53]} 24. Qxc5 {[%emt 0:04:41]} Ne4 {[%emt 0:01:10]} 25. Qh5 {[%emt 0:00:32]} Qc7 {[%emt 0:01:14]} 26. Bc1 {[%emt 0:02:17]} Rg6 {[%emt 0:13:48]} 27. Nf3 {[%emt 0:04:53]} Re8 {[%emt 0:03:40]} 28. Ng5 {[%emt 0:03:00]} Nf6 {[%emt 0:09:51]} 29. Rxf6 {[%emt 0:02:36]} Bxf6 {[%emt 0:12:20]} 30. Qh7+ {[%emt 0:00:14]} Kf8 {[%emt 0:00:01]} 31. Ba3+ {[%emt 0:00:07]} Re7 {[%emt 0:00:33]} 32. Qxf7# {[%emt 0:00:10]} 1-0

[Event "WYCC U18 Open 2019"]
[Site "Mumbai"]
[Date "2019.10.07"]
[Round "7.16"]
[White "Kozak, Antoni"]
[Black "Sydoryka, Vladyslav"]
[Result "0-1"]
[WhiteElo "2354"]
[BlackElo "2247"]
[Annotator "TA"]
[PlyCount "42"]
[EventDate "2019.10.02"]
[EventType "swiss"]
[EventCountry "IND"]
[SourceTitle "playchess.com"]
[Source "ChessBase"]
[SourceQuality "1"]

{[%evp 14,42,59,29,68,0,0,0,0,0,-4,-6,-11,-8,0,0,0,0,46,22,53,53,69,0,0,-129,-131,-329,-328,-419,-425]} 1. d4 Nf6 2. c4 c5 3. d5 b5 4. cxb5 a6 5. e3 g6 6. Nc3 Bg7 7. a4 O-O 8. Nf3 e6 {A57: Benko/Volga Gambit} (8... Bb7 9. Rb1 d6 10. Be2 axb5 11. axb5 e6 12. dxe6 fxe6 13. O-O d5 14. b4 c4 15. Nd4 Qd6 16. e4 Nxe4 17. Nxe4 dxe4 {½-½ (39) Markus,R (2610)-Markos,J (2568) Hungary 2019}) 9. bxa6 (9. dxe6 $14 fxe6 10. Qd6) 9... Nxa6 10. Bc4 Nb4 {The position is equal.} 11. O-O exd5 12. Nxd5 Nfxd5 13. Bxd5 Nxd5 $146 ({Predecessor:} 13... Rb8 14. Ra3 Ba6 15. Re1 c4 16. Be4 {0-1 (31) Reinhardt,E-Szmetan,J (2435) Argentina 1977}) 14. Qxd5 {[%mdl 64] [#] Double Attack} Ba6 15. Rd1 Qb6 16. Ne5 Bb7 17. Nxd7 {[%mdl 64] Double Attack} Qb4 18. Qg5 ({Avoid the trap} 18. Qxc5 $2 Qg4 $19) (18. Bd2 $1 $14 Qxa4 19. Rxa4 Bxd5 20. Rxa8 (20. Nxc5 $2 Rxa4 {[%mdl 64] Overworked Piece} 21. Nxa4 Bb3 $19 {[%mdl 64] Double Attack}) 20... Rxa8 21. Bc3 (21. Nxc5 Bxb2 22. e4 Bc4 $14)) 18... h6 $36 {[%mdl 2048] Black has some pressure.} 19. Qg3 ({But not} 19. Qxc5 $2 Qg4 $19) (19. Qf4 $1 $11 Rfd8 20. Rd2) 19... Rxa4 $17 20. Rb1 $2 {[#]} (20. Rxa4 $17 {was the only defense.} Qxa4 21. b3 Qxb3 22. Rf1) 20... Rd8 $19 21. f3 Qb3 {Accuracy: White = 27%, Black = 65%.} 0-1

[Event "WYCC U18 Open 2019"]
[Site "Mumbai"]
[Date "2019.10.09"]
[Round "8.1"]
[White "Gholami, Aryan"]
[Black "Mitrabha, Guha"]
[Result "1/2-1/2"]
[WhiteElo "2554"]
[BlackElo "2434"]
[Annotator "ChessBase"]
[PlyCount "76"]
[EventDate "2019.10.02"]
[EventType "swiss"]
[EventCountry "IND"]
[SourceTitle "playchess.com"]
[Source "ChessBase"]
[SourceQuality "1"]
[TimeControl "40/5400+30:1800+30"]

1. Nf3 {[%emt 0:00:00]} Nf6 {[%emt 0:07:17]} 2. g3 {[%emt 0:00:00]} b6 {[%emt 0:00:04]} 3. Bg2 {[%emt 0:00:00]} Bb7 {[%emt 0:00:04]} 4. O-O {[%emt 0:00:11]} c5 {[%emt 0:00:06]} 5. c4 {[%emt 0:01:42]} g6 {[%emt 0:00:06]} 6. b3 {[%emt 0:00:34]} Bg7 {[%emt 0:00:06]} 7. Bb2 {[%emt 0:00:06]} d6 {[%emt 0:00:08]} 8. d4 {[%emt 0:01:12]} cxd4 {[%emt 0:00:06]} 9. Qxd4 {[%emt 0:00:14]} Nbd7 {[%emt 0:00:14]} 10. Nc3 {[%emt 0:03:36]} O-O {[%emt 0:00:16]} 11. Nd5 {[%emt 0:02:01]} Rc8 {[%emt 0:05:27]} 12. Rac1 {[%emt 0:08:12]} Kh8 {[%emt 0:10:25]} 13. Ng5 {[%emt 0:03:41]} h6 {[%emt 0:11:28]} 14. Ne4 {[%emt 0:05:26]} e5 {[%emt 0:11:33]} 15. Qd2 {[%emt 0:00:12]} Bxd5 {[%emt 0:00:11]} 16. cxd5 {[%emt 0:01:37]} Nxe4 {[%emt 0:00:08]} 17. Bxe4 {[%emt 0:00:06]} Nc5 {[%emt 0:00:25]} 18. Bg2 {[%emt 0:00:09]} a5 {[%emt 0:00:31]} 19. e4 {[%emt 0:08:51]} Rc7 {[%emt 0:03:43]} 20. f4 {[%emt 0:06:45]} Kh7 {[%emt 0:04:34]} 21. fxe5 {[%emt 0:20:38]} Bxe5 {[%emt 0:00:44]} 22. Bxe5 {[%emt 0:00:06]} dxe5 {[%emt 0:00:03]} 23. Qe2 {[%emt 0:00:23]} Kg7 {[%emt 0:00:35]} 24. Qb5 {[%emt 0:01:15]} Qd6 {[%emt 0:00:14]} 25. a3 {[%emt 0:05:03]} Rfc8 {[%emt 0:11:39]} 26. Bh3 {[%emt 0:00:33]} Nd7 {[%emt 0:00:26]} 27. Rxc7 {[%emt 0:08:01]} Rxc7 {[%emt 0:00:03]} 28. Bxd7 {[%emt 0:00:08]} Rxd7 {[%emt 0:00:02]} 29. Rc1 {[%emt 0:01:47]} Qxa3 {[%emt 0:00:05]} 30. Rc8 {[%emt 0:00:04]} Qa1+ {[%emt 0:00:02]} 31. Kg2 {[%emt 0:01:25]} Qb2+ {[%emt 0:00:02]} 32. Kh3 {[%emt 0:01:19]} Qf2 {[%emt 0:00:05]} 33. Qxd7 {[%emt 0:01:48]} Qf1+ {[%emt 0:00:03]} 34. Kh4 {[%emt 0:01:59]} Qf6+ {[%emt 0:00:10]} 35. Kh3 {[%emt 0:00:06]} Qf1+ {[%emt 0:00:04]} 36. Kh4 {[%emt 0:00:04]} Qf6+ {[%emt 0:00:04]} 37. Kh3 {[%emt 0:00:04]} Qf1+ {[%emt 0:00:02]} 38. Kh4 {[%emt 0:00:05]} Qf6+ {[%emt 0:00:05]} 1/2-1/2

[Event "WYCC U18 Open 2019"]
[Site "Mumbai"]
[Date "2019.10.09"]
[Round "8.2"]
[White "Praggnanandhaa R"]
[Black "Iniyan, P."]
[Result "1-0"]
[WhiteElo "2567"]
[BlackElo "2509"]
[Annotator "TA"]
[PlyCount "75"]
[EventDate "2019.10.02"]
[EventType "swiss"]
[EventCountry "IND"]
[SourceTitle "playchess.com"]
[Source "ChessBase"]
[SourceQuality "1"]

{[%evp 9,75,43,63,61,71,62,70,50,53,45,50,33,124,111,119,119,106,104,126,126,122,125,121,127,123,104,158,152,150,139,134,139,158,124,164,160,179,166,179,170,188,206,248,248,233,227,393,381,436,386,542,532,499,500,950,952,891,938,1179,1092,1383,1383,1598,1547,1844,1798,29992,29993]} 1. e4 d6 2. d4 g6 3. Nf3 Bg7 4. Bc4 a6 5. O-O Nf6 (5... b5 6. Bb3 e6 7. a4 Bb7 8. Re1 Ne7 9. axb5 axb5 10. Rxa8 Bxa8 11. Qe2 c6 12. Nbd2 O-O 13. Nf1 Nd7 14. Ng3 c5 15. Bf4 c4 16. c3 e5 17. Bc2 {½-½ (17) Kobalia,M (2608)-Demidov,M (2557) Moscow 2019}) 6. Qe2 {B06: Modern Defence} O-O 7. e5 Ne8 8. h3 {White is slightly better.} c6 $146 ({Predecessor:} 8... d5 9. Bd3 h6 10. Be3 Be6 11. Qd2 Kh7 12. Nc3 c5 13. dxc5 Nc6 14. Na4 {1-0 (41) Sarkar,J (2407)-Gimenez Iturralde,D (1994) Seville 2016}) 9. Re1 Nc7 10. Nbd2 {[%cal Bb1d2,Bd2c4,Bc4e5,Be5d3,Bd3f4][%mdl 32]} Nd7 {[#]} (10... b5 $14) 11. e6 $1 $16 {[%cal Re6d7]} fxe6 12. Bxe6+ Kh8 13. Bb3 e6 14. Nc4 ({Avoid the trap} 14. Bxe6 $2 Re8 $19) 14... d5 15. Bg5 Bf6 16. Bxf6+ Qxf6 17. Nce5 Nb5 (17... a5 $142) 18. a4 Nd6 19. c3 a5 20. Bc2 Qg7 21. h4 Nf5 22. Nd3 Nf6 23. Nf4 Qc7 24. Ne5 Nxh4 25. g3 Nf5 26. Kg2 {[%mdl 1024] White has strong compensation.} g5 27. Nh5 Ne8 $2 (27... Nxh5 28. Qxh5 Qg7) 28. Rh1 Kg8 29. Ng4 c5 (29... b6 {might work better.} 30. Rae1 Kh8 31. Bxf5 Rxf5) 30. Qd2 $18 Qd8 31. Rae1 Neg7 (31... Kh8 $142 32. dxc5 d4 33. cxd4 Ra6) 32. Nxg7 Kxg7 33. Rh5 h6 34. Reh1 Rh8 35. Qe2 Qc7 36. Bxf5 exf5 37. Nxh6 Kg6 {[#]} 38. Nf7 $1 {[%mdl 576] Double Attack, Discovered Attack. Accuracy: White = 76%, Black = 40%.} 1-0